[Event "ESP-chT Gp1"]
[Site "Burguillos"]
[Date "2008.08.17"]
[Round "6"]
[White "Gonzalez Somoza, Oliver"]
[Black "Razmyslov, Alexander"]
[Result "1-0"]
[WhiteElo "2357"]
[BlackElo "2387"]
[PlyCount "128"]
[EventDate "2008.08.13"]
[EventType "team"]
[EventRounds "6"]
[EventCountry "ESP"]
[SourceTitle "CBM 126 Extra"]
[Source "ChessBase"]
[SourceDate "2008.11.05"]
[SourceVersion "1"]
[SourceVersionDate "2008.11.05"]
[SourceQuality "1"]

1. d4 e6 2. c4 Nf6 3. Nf3 b6 4. g3 Ba6 5. Qb3 Nc6 6. Bd2 Rb8 7. Bg2 b5 8. c5 b4 9. a3 bxa3 10. Qxa3 Bc4 11. Nc3 Rb3 12. Qa4 Rb4 13. Qa3 Qb8 14. 0-0 Be7 15. Rfc1 0-0 16. Nd1 Rb3 17. Qa4 Bxe2 18. Bc3 Nd5 19. Nd2 Rb5 20. Ne3 Ndb4 21. Bxc6 dxc6 22. Qxa7 Qd8 23. Re1 Bh5 24. Ra5 Rb8 25. Ra4 Nd3 26. Rea1 Nxb2 27. Bxb2 Rxb2 28. Ndc4 Re2 29. Ne5 Bg5 30. Qa8 Bxe3 31. Qxd8 Bxf2+ 32. Kf1 Rxd8 33. Ra8 Rf8 34. Nd7 h6 35. Nxf8 Be3 36. Nxe6+ Kh7 37. Nf8+ Kg8 38. Nd7+ Kh7 39. R1a2 Rxa2 40. Rxa2 Bxd4 41. Ra4 Bc3 42. g4 Bg6 43. Ke2 Bb1 44. Nf8+ Kg8 45. Ra8 g5 46. Ne6+ Kh7 47. Nxc7 Be5 48. Ne8 Bxh2 49. Nf6+ Kg6 50. Ng8 Be4 51. Ne7+ Kg7 52. Ra4 Bh1 53. Ra3 Bg2 54. Kf2 Be4 55. Re3 Bc2 56. Nxc6 h5 57. Nd4 Bb1 58. Re1 Bd3 59. gxh5 Kh6 60. Re3 Bb1 61. c6 g4 62. Re7 Bd3 63. Rxf7 Be4 64. Ne2 Bd5 1-0

[Event "ESP-chT Gp1"]
[Site "Burguillos"]
[Date "2008.08.16"]
[Round "5"]
[White "Baigorri Navarro, Francisco Javier"]
[Black "Gonzalez Somoza, Oliver"]
[Result "1/2-1/2"]
[WhiteElo "2178"]
[BlackElo "2357"]
[PlyCount "61"]
[EventDate "2008.08.13"]
[EventType "team"]
[EventRounds "6"]
[EventCountry "ESP"]
[SourceTitle "CBM 126 Extra"]
[Source "ChessBase"]
[SourceDate "2008.11.05"]
[SourceVersion "1"]
[SourceVersionDate "2008.11.05"]
[SourceQuality "1"]

1. Nf3 d5 2. c4 Nf6 3. g3 g6 4. Bg2 Bg7 5. 0-0 0-0 6. cxd5 Nxd5 7. Nc3 c6 8. d4 Nd7 9. e4 Nxc3 10. bxc3 Nb6 11. h3 c5 12. Rb1 Bd7 13. Qd3 Rc8 14. d5 c4 15. Qe3 f5 16. Ng5 h6 17. Ne6 Bxe6 18. dxe6 Qd3 19. Bd2 Rfd8 20. Rbd1 Na4 21. Bc1 Qxd1 22. Rxd1 Rxd1+ 23. Kh2 Nxc3 24. exf5 gxf5 25. Ba3 Na4 26. Bxe7 c3 27. Qf3 c2 28. Qxf5 c1Q 29. Qf7+ Kh8 30. Bf6 Rg8 31. Bxg7+ 1/2-1/2

[Event "ESP-ch Universities"]
[Site "Madrid"]
[Date "2008.05.11"]
[Round "9"]
[White "Gonzalez Somoza, Oliver"]
[Black "Sanchez Saez, Francisco"]
[Result "0-1"]
[WhiteElo "2333"]
[BlackElo "2219"]
[PlyCount "76"]
[EventDate "2008.05.08"]
[EventType "swiss"]
[EventRounds "9"]
[EventCountry "ESP"]
[SourceTitle "CBM 124 Extra"]
[Source "ChessBase"]
[SourceDate "2008.07.03"]
[SourceVersion "1"]
[SourceVersionDate "2008.07.03"]
[SourceQuality "1"]

1. d4 Nf6 2. c4 g6 3. Nc3 Bg7 4. e4 d6 5. Nge2 0-0 6. f3 e5 7. d5 Nh5 8. Be3 f5 9. Qd2 a6 10. 0-0-0 b5 11. c5 b4 12. Na4 a5 13. c6 Ba6 14. exf5 gxf5 15. Ng3 Qe8 16. Nxh5 Qxh5 17. g4 fxg4 18. fxg4 Qg6 19. b3 Rf3 20. Re1 e4 21. Bg2 Qf6 22. Nb2 a4 23. bxa4 Qc3+ 24. Qxc3 bxc3 25. Nd1 Bc4 26. Bxf3 exf3 27. Kc2 Bxd5 28. Nxc3 Bxc3 29. Rd1 Bxc6 30. Kxc3 Rxa4 31. Rd4 Ra3+ 32. Kd2 Rxa2+ 33. Kc3 Re2 34. Bh6 Be4 35. Rd2 Rg2 36. Rxg2 fxg2 37. Rc1 Nd7 38. Kd4 d5 0-1

[Event "ESP-ch Universities"]
[Site "Madrid"]
[Date "2008.05.10"]
[Round "7"]
[White "Gonzalez Somoza, Oliver"]
[Black "Martin Alvarez, Inigo"]
[Result "1-0"]
[WhiteElo "2333"]
[BlackElo "2214"]
[PlyCount "109"]
[EventDate "2008.05.08"]
[EventType "swiss"]
[EventRounds "9"]
[EventCountry "ESP"]
[SourceTitle "CBM 124 Extra"]
[Source "ChessBase"]
[SourceDate "2008.07.03"]
[SourceVersion "1"]
[SourceVersionDate "2008.07.03"]
[SourceQuality "1"]

1. d4 d5 2. c4 c6 3. Nf3 Nf6 4. e3 g6 5. b3 Bg7 6. Bb2 0-0 7. Nbd2 Bg4 8. h3 Bxf3 9. gxf3 Nbd7 10. f4 c5 11. Bg2 e6 12. 0-0 Rc8 13. Qe2 b6 14. Rfd1 Qe7 15. Ba3 Rfd8 16. Rac1 Qe8 17. Bb2 Nh5 18. Nf3 dxc4 19. Rxc4 cxd4 20. Bxd4 Rxc4 21. Qxc4 e5 22. Nxe5 Nxe5 23. fxe5 Bxe5 24. Bd5 b5 25. Qc5 Rc8 26. Qxa7 Bxd4 27. Qxd4 Qe7 28. Qe4 Qg5+ 29. Qg4 Qxg4+ 30. hxg4 Nf6 31. Bf3 Rc2 32. a4 bxa4 33. bxa4 Ra2 34. Rd4 h5 35. gxh5 Nxh5 36. Bd5 Ra1+ 37. Kg2 Nf6 38. Bb3 Kg7 39. Rb4 Rb1 40. a5 Ne4 41. Rxe4 Rxb3 42. Ra4 Rb7 43. a6 Ra7 44. Kf3 Kf6 45. Kf4 g5+ 46. Kg4 Kg6 47. Ra5 f6 48. e4 Kf7 49. Kf5 Ke7 50. f3 Kf7 51. e5 fxe5 52. Kxe5 g4 53. fxg4 Ke7 54. g5 Kd7 55. g6 1-0

[Event "ESP-ch Universities"]
[Site "Madrid"]
[Date "2008.05.10"]
[Round "8"]
[White "Pena Gomez, Manuel"]
[Black "Gonzalez Somoza, Oliver"]
[Result "1/2-1/2"]
[WhiteElo "2312"]
[BlackElo "2333"]
[PlyCount "113"]
[EventDate "2008.05.08"]
[EventType "swiss"]
[EventRounds "9"]
[EventCountry "ESP"]
[SourceTitle "CBM 124 Extra"]
[Source "ChessBase"]
[SourceDate "2008.07.03"]
[SourceVersion "1"]
[SourceVersionDate "2008.07.03"]
[SourceQuality "1"]

1. c4 Nf6 2. Nc3 g6 3. g3 d5 4. cxd5 Nxd5 5. Bg2 Nxc3 6. bxc3 Bg7 7. Nf3 0-0 8. 0-0 c6 9. d4 Nd7 10. e4 Qc7 11. Bg5 f6 12. Be3 Nb6 13. Qb3+ Kh8 14. a4 Bg4 15. Rab1 Rab8 16. Qb4 e5 17. d5 cxd5 18. exd5 Bxf3 19. Bxf3 Nc4 20. d6 Nxd6 21. Bc5 Nc4 22. Rfd1 b6 23. Bxf8 Bxf8 24. Qb3 Bc5 25. Rd5 Nd6 26. Rbd1 Re8 27. Qc2 e4 28. Bg2 e3 29. fxe3 Rxe3 30. Kh1 Qe7 31. Rf1 Ne4 32. Bxe4 Rxe4 33. Rd8+ Kg7 34. Rd7 Qxd7 35. Qxe4 f5 36. Qe5+ Kf7 37. Qf4 Qc6+ 38. Qf3 Qxa4 39. g4 f4 40. Qd5+ Kg7 41. Qe5+ Kg8 42. Qxf4 Qc6+ 43. Qf3 Qxf3+ 44. Rxf3 a5 45. Kg2 a4 46. Kf1 a3 47. Ke2 Bd6 48. h3 b5 49. Kd3 b4 50. Kc2 Be5 51. Kb3 Bxc3 52. Rd3 h5 53. gxh5 gxh5 54. Rd7 h4 55. Rc7 Kf8 56. Rb7 Ke8 57. Ra7 1/2-1/2

[Event "ESP-ch Universities"]
[Site "Madrid"]
[Date "2008.05.09"]
[Round "4"]
[White "Alarcia Astiz, Carlos"]
[Black "Gonzalez Somoza, Oliver"]
[Result "1-0"]
[WhiteElo "2191"]
[BlackElo "2333"]
[PlyCount "127"]
[EventDate "2008.05.08"]
[EventType "swiss"]
[EventRounds "9"]
[EventCountry "ESP"]
[SourceTitle "CBM 124 Extra"]
[Source "ChessBase"]
[SourceDate "2008.07.03"]
[SourceVersion "1"]
[SourceVersionDate "2008.07.03"]
[SourceQuality "1"]

1. e4 c5 2. Nf3 e6 3. d3 d5 4. Nbd2 Nc6 5. g3 Nf6 6. Bg2 Be7 7. 0-0 0-0 8. Re1 Qc7 9. c3 b5 10. e5 Nd7 11. Qe2 a5 12. Nf1 Ba6 13. Bf4 Rfd8 14. Ne3 Nf8 15. h4 Rac8 16. d4 Qb6 17. Red1 b4 18. Qd2 bxc3 19. bxc3 cxd4 20. cxd4 Rb8 21. Bf1 Bxf1 22. Nxf1 Bb4 23. Qd3 Qb5 24. Rab1 Qxd3 25. Rxd3 a4 26. Bd2 Be7 27. Rc1 Nb4 28. Ra3 Ra8 29. Rc7 Rd7 30. Rxd7 Nxd7 31. Rc3 Nb6 32. Rc7 Bd8 33. Rc1 Nd3 34. Rb1 Nc4 35. Bc3 a3 36. N1d2 Ncb2 37. Ne1 Nxe1 38. Rxe1 Rc8 39. Nb1 Be7 40. Rc1 Nc4 41. Kf1 Kf8 42. Ke2 Ke8 43. Nd2 Kd7 44. Nb3 Nb6 45. Ba5 Rxc1 46. Nxc1 Nc4 47. Bc3 Kc6 48. Kd3 Kb5 49. Kc2 Bb4 50. Bxb4 Kxb4 51. Nd3+ Ka4 52. Nc5+ Kb4 53. Nb7 f6 54. f4 Ne3+ 55. Kd3 Nf1 56. Nd8 Nxg3 57. Nxe6 Nf5 58. Nc7 Ne7 59. h5 Ka5 60. h6 fxe5 61. hxg7 e4+ 62. Ke2 h5 63. f5 h4 64. f6 1-0

[Event "ESP-ch Universities"]
[Site "Madrid"]
[Date "2008.05.08"]
[Round "1"]
[White "Gonzalez Somoza, Oliver"]
[Black "Rodriguez Gonzalez, Alex"]
[Result "1-0"]
[WhiteElo "2333"]
[BlackElo "2041"]
[PlyCount "77"]
[EventDate "2008.05.08"]
[EventType "swiss"]
[EventRounds "9"]
[EventCountry "ESP"]
[SourceTitle "CBM 124 Extra"]
[Source "ChessBase"]
[SourceDate "2008.07.03"]
[SourceVersion "1"]
[SourceVersionDate "2008.07.03"]
[SourceQuality "1"]

1. d4 d6 2. c4 f5 3. Nc3 Nf6 4. Bg5 Nbd7 5. Qc2 g6 6. Nf3 Bg7 7. e4 fxe4 8. Nxe4 Nxe4 9. Qxe4 Nf6 10. Qh4 Bf5 11. d5 Ne4 12. Bd3 Nxg5 13. Nxg5 Bxd3 14. Ne6 Qd7 15. Nxg7+ Kf7 16. Qd4 Bf5 17. 0-0 e5 18. dxe6+ Bxe6 19. Nxe6 Qxe6 20. Rfe1 c5 21. Rxe6 cxd4 22. Rxd6 Rad8 23. Rxd8 Rxd8 24. Kf1 d3 25. Ke1 Re8+ 26. Kf1 Rd8 27. Rd1 Ke6 28. Ke1 Ke5 29. Kd2 Kd4 30. b3 Re8 31. Re1 Rxe1 32. Kxe1 Kc3 33. Kd1 a5 34. f4 Kb2 35. g4 Kxa2 36. f5 gxf5 37. gxf5 Kxb3 38. f6 a4 39. f7 1-0

[Event "Moratalaz op 20th"]
[Site "Madrid"]
[Date "2007.09.18"]
[Round "4"]
[White "Horcajada Reales, Guillermo"]
[Black "Gonzalez Somoza, Oliver"]
[Result "1/2-1/2"]
[WhiteElo "2190"]
[BlackElo "2343"]
[PlyCount "55"]
[EventDate "2007.09.15"]
[EventType "swiss"]
[EventRounds "9"]
[EventCountry "ESP"]
[SourceTitle "EXT 2008"]
[Source "ChessBase"]
[SourceDate "2007.11.25"]
[SourceVersion "1"]
[SourceVersionDate "2007.11.25"]
[SourceQuality "1"]

1. e4 c5 2. c3 d6 3. d4 Nd7 4. Nf3 e5 5. Bc4 Qc7 6. dxe5 Nxe5 7. Nxe5 dxe5 8. Bb5+ Bd7 9. Bxd7+ Qxd7 10. Qxd7+ Kxd7 11. Na3 Kc6 12. Nc4 f6 13. a4 Bd6 14. Ke2 Ne7 15. Rd1 Rad8 16. Be3 b6 17. b4 cxb4 18. Nxd6 Rxd6 19. cxb4 Rhd8 20. b5+ Kb7 21. Rxd6 Rxd6 22. Rd1 Rxd1 23. Kxd1 a6 24. Bc1 axb5 25. axb5 Kc7 26. Ba3 Kd7 27. Kd2 Nc8 28. Kd3 1/2-1/2

[Event "Moratalaz op 20th"]
[Site "Madrid"]
[Date "2007.09.17"]
[Round "3"]
[White "Gonzalez Somoza, Oliver"]
[Black "Esquivias Gomez, Francisco Javier"]
[Result "1-0"]
[WhiteElo "2343"]
[BlackElo "2060"]
[PlyCount "89"]
[EventDate "2007.09.15"]
[EventType "swiss"]
[EventRounds "9"]
[EventCountry "ESP"]
[SourceTitle "EXT 2008"]
[Source "ChessBase"]
[SourceDate "2007.11.25"]
[SourceVersion "1"]
[SourceVersionDate "2007.11.25"]
[SourceQuality "1"]

1. e4 Nf6 2. Nc3 d5 3. e5 d4 4. Nce2 Ng4 5. f4 h5 6. Nf3 c5 7. b4 e6 8. bxc5 Bxc5 9. h3 Nh6 10. Ng3 h4 11. Ne4 Be7 12. Rb1 Nf5 13. Bd3 Nc6 14. 0-0 b6 15. a4 Bb7 16. Re1 Nb4 17. Bb5+ Kf8 18. d3 Rc8 19. Bc4 Bd5 20. Ba3 a5 21. Nd6 Bxf3 22. Qxf3 Bxd6 23. exd6 Qxd6 24. Re5 g6 25. Rb5 Kg7 26. Bxb4 axb4 27. R1xb4 Rc6 28. Qe4 f6 29. Bb3 Ng3 30. Qf3 Qxf4 31. Qxf4 Ne2+ 32. Kf2 Nxf4 33. Rxb6 Rxb6 34. Rxb6 Ra8 35. Kf3 g5 36. Rb4 e5 37. Rb5 Kg6 38. a5 Ra7 39. Bg8 Kg7 40. Bc4 Ng6 41. a6 Ne7 42. Rb7 Rxb7 43. axb7 Nc6 44. Ke4 Kg6 45. Kd5 1-0

[Event "Moratalaz op 20th"]
[Site "Madrid"]
[Date "2007.09.15"]
[Round "1"]
[White "Gonzalez Somoza, Oliver"]
[Black "Ramos Rodriguez, Francisco"]
[Result "1-0"]
[WhiteElo "2343"]
[BlackElo "1829"]
[PlyCount "53"]
[EventDate "2007.09.15"]
[EventType "swiss"]
[EventRounds "9"]
[EventCountry "ESP"]
[SourceTitle "EXT 2008"]
[Source "ChessBase"]
[SourceDate "2007.11.25"]
[SourceVersion "1"]
[SourceVersionDate "2007.11.25"]
[SourceQuality "1"]

1. d4 d5 2. c4 c6 3. Nf3 Nf6 4. e3 Bg4 5. Qb3 Qb6 6. Ne5 Qxb3 7. axb3 Nbd7 8. Nxg4 Nxg4 9. Be2 Ngf6 10. f4 e6 11. c5 Be7 12. b4 0-0 13. b5 Ne4 14. Nd2 Nxd2 15. Bxd2 f5 16. bxc6 bxc6 17. Ra6 Rfc8 18. 0-0 Nb8 19. Ra3 Rc7 20. Rfa1 a6 21. Bxa6 Rca7 22. Bb7 Rxa3 23. Rxa3 Rxa3 24. bxa3 g5 25. fxg5 Bxg5 26. a4 Bd8 27. a5 1-0

[Event "Parla op 22nd"]
[Site "Parla"]
[Date "2007.09.07"]
[Round "7"]
[White "Vazquez Gonzalez, Francisco"]
[Black "Gonzalez Somoza, Oliver"]
[Result "1-0"]
[WhiteElo "2105"]
[BlackElo "2343"]
[PlyCount "83"]
[EventDate "2007.09.01"]
[EventType "swiss"]
[EventRounds "9"]
[EventCountry "ESP"]
[SourceTitle "CBM 120 Extra"]
[Source "ChessBase"]
[SourceDate "2007.11.01"]
[SourceVersion "1"]
[SourceVersionDate "2007.11.01"]
[SourceQuality "1"]

1. e4 c5 2. Nf3 e6 3. d4 cxd4 4. Nxd4 Nc6 5. Be2 Qc7 6. 0-0 Nf6 7. Nc3 a6 8. a3 Be7 9. Be3 0-0 10. f4 d6 11. Qe1 Nxd4 12. Bxd4 e5 13. Be3 b5 14. Qg3 Kh8 15. Rad1 Bb7 16. Bd3 Nh5 17. Qh3 exf4 18. Bd4 Bf6 19. Bxf6 Nxf6 20. Rxf4 Bc8 21. Qh4 Qc5+ 22. Kh1 Qe5 23. Rdf1 Be6 24. Rf5 Bxf5 25. Rxf5 Qd4 26. Ne2 Qxb2 27. e5 dxe5 28. Rxf6 g6 29. Ng3 e4 30. Nxe4 Kg7 31. Rf1 h6 32. c3 Rad8 33. Qf6+ Kh7 34. Nd6 Qd2 35. Nf5 Rg8 36. Qxf7+ Kh8 37. Qf6+ Kh7 38. Qe7+ Kh8 39. Qe5+ Kh7 40. Ne7 Rg7 41. Bxg6+ Kh8 42. Qxg7+ 1-0

[Event "Parla op 22nd"]
[Site "Parla"]
[Date "2007.09.05"]
[Round "5"]
[White "Epishin, Vladimir"]
[Black "Gonzalez Somoza, Oliver"]
[Result "1-0"]
[WhiteElo "2587"]
[BlackElo "2343"]
[PlyCount "97"]
[EventDate "2007.09.01"]
[EventType "swiss"]
[EventRounds "9"]
[EventCountry "ESP"]
[SourceTitle "CBM 120 Extra"]
[Source "ChessBase"]
[SourceDate "2007.11.01"]
[SourceVersion "1"]
[SourceVersionDate "2007.11.01"]
[SourceQuality "1"]

1. d4 Nf6 2. c4 e6 3. Nf3 b6 4. g3 Ba6 5. Qb3 Nc6 6. Nbd2 Bb7 7. e3 d5 8. Qd1 Bb4 9. Bg2 0-0 10. 0-0 Na5 11. cxd5 Bxd5 12. a3 Bxd2 13. Nxd2 Bxg2 14. Kxg2 Qd5+ 15. Qf3 Qxf3+ 16. Kxf3 Rfd8 17. b4 Nb7 18. Nc4 Nd7 19. Bb2 c5 20. bxc5 bxc5 21. Rab1 Nb6 22. Rfc1 Rac8 23. Nxb6 axb6 24. dxc5 Nxc5 25. Bd4 Na4 26. Rxc8 Rxc8 27. Rb4 Ra8 28. Bxb6 Nxb6 29. Rxb6 f5 30. Rxe6 Kf7 31. Rd6 Rxa3 32. Kf4 Ra5 33. h4 h6 34. h5 Rb5 35. f3 Ra5 36. g4 fxg4 37. fxg4 Rb5 38. e4 Ra5 39. e5 Ra1 40. Rd7+ Kf8 41. Kf5 Ra6 42. Rd6 Ra4 43. Ke6 Kg8 44. Ke7 Rxg4 45. e6 Ra4 46. Rd8+ Kh7 47. Kf7 Rf4+ 48. Ke8 g5 49. e7 1-0

[Event "Parla op 22nd"]
[Site "Parla"]
[Date "2007.09.02"]
[Round "2"]
[White "Gonzalez Somoza, Oliver"]
[Black "De la Barrera Montenegro, Eduardo"]
[Result "1/2-1/2"]
[WhiteElo "2343"]
[BlackElo "2064"]
[PlyCount "145"]
[EventDate "2007.09.01"]
[EventType "swiss"]
[EventRounds "9"]
[EventCountry "ESP"]
[SourceTitle "CBM 120 Extra"]
[Source "ChessBase"]
[SourceDate "2007.11.01"]
[SourceVersion "1"]
[SourceVersionDate "2007.11.01"]
[SourceQuality "1"]

1. d4 Nf6 2. c4 g6 3. Nc3 d5 4. Qa4+ c6 5. Nf3 Nbd7 6. cxd5 Nb6 7. Qc2 cxd5 8. Bf4 Bg7 9. e3 0-0 10. Bd3 Nh5 11. Bg3 Bd7 12. a4 Rc8 13. a5 Nc4 14. Qb3 e6 15. Bxc4 Nxg3 16. hxg3 Rxc4 17. Qxb7 Rc7 18. Qb3 Qb8 19. Qa3 Rb7 20. 0-0 Rb3 21. Qe7 Bc6 22. Rab1 Re8 23. Qc5 Rc8 24. Qe7 Re8 25. Qh4 Rxb2 26. Ne5 Bxe5 27. dxe5 Rxb1 28. Rxb1 Qxe5 29. Qb4 Rc8 30. Ne2 Qc7 31. Nd4 e5 32. Nxc6 Qxc6 33. Qe7 Qc7 34. Rb7 Qxe7 35. Rxe7 a6 36. Ra7 Rc6 37. f4 exf4 38. gxf4 h5 39. Kf2 Kg7 40. Ke2 Kf6 41. Rb7 Ke6 42. Kd3 f6 43. g3 g5 44. fxg5 fxg5 45. Rg7 Kf5 46. Kd4 Re6 47. Rd7 Re4+ 48. Kd3 Re6 49. Rxd5+ Kg4 50. e4 h4 51. gxh4 gxh4 52. Rd8 Rh6 53. Ke3 h3 54. Rg8+ Kh4 55. Kf4 Rf6+ 56. Ke5 Rh6 57. Kf4 Rf6+ 58. Ke5 Rc6 59. Kf4 Rc5 60. e5 Rc4+ 61. Kf5 h2 62. Rh8+ Kg3 63. e6 Rh4 64. Rxh4 Kxh4 65. e7 h1Q 66. e8Q Qf3+ 67. Ke6 Qe4+ 68. Kd7 Qd5+ 69. Kc8 Qxa5 70. Qh8+ Kg4 71. Qg7+ Kf4 72. Qh6+ Ke4 73. Kb7 1/2-1/2

[Event "Galapagar 8th op"]
[Site "Galapagar"]
[Date "2007.07.24"]
[Round "4.2"]
[White "Candela Perez, Jose"]
[Black "Gonzalez Somoza, Oliver"]
[Result "1-0"]
[WhiteElo "2404"]
[BlackElo "2343"]
[PlyCount "75"]
[EventDate "2007.07.21"]
[EventType "swiss"]
[EventRounds "9"]
[EventCountry "ESP"]
[SourceTitle "EXT 2024"]
[Source "ChessBase"]
[SourceDate "2023.10.10"]
[SourceVersion "1"]
[SourceVersionDate "2023.10.10"]
[SourceQuality "1"]

1. d4 d5 2. c4 Nc6 3. Nf3 Bg4 4. cxd5 Bxf3 5. gxf3 Qxd5 6. e3 e5 7. Nc3 Bb4 8. Bd2 Bxc3 9. bxc3 Qd6 10. Rb1 b6 11. f4 exf4 12. e4 Nge7 13. Qf3 0-0 14. Bxf4 Qe6 15. Qe2 Rae8 16. Bg2 Nd5 17. Bd2 Nf6 18. e5 Qxa2 19. 0-0 Na5 20. Qd3 Nd7 21. Be4 g6 22. Bh6 f5 23. Bg2 Rf7 24. c4 Nf8 25. Bd5 Ne6 26. Ra1 Qb3 27. Qxb3 Nxb3 28. Bxe6 Rxe6 29. Rxa7 Rfe7 30. Ra8+ Re8 31. Rxe8+ Rxe8 32. Rd1 Rd8 33. d5 Nc5 34. Ra1 b5 35. Ra5 Nd3 36. e6 bxc4 37. Ra7 Rc8 38. Rxc7 1-0

[Event "Galapagar 8th op"]
[Site "Galapagar"]
[Date "2007.07.22"]
[Round "2.6"]
[White "Sanchez Alvarez, Jorge"]
[Black "Gonzalez Somoza, Oliver"]
[Result "0-1"]
[WhiteElo "2037"]
[BlackElo "2343"]
[PlyCount "76"]
[EventDate "2007.07.21"]
[EventType "swiss"]
[EventRounds "9"]
[EventCountry "ESP"]
[SourceTitle "EXT 2024"]
[Source "ChessBase"]
[SourceDate "2023.10.10"]
[SourceVersion "1"]
[SourceVersionDate "2023.10.10"]
[SourceQuality "1"]

1. c4 Nf6 2. g3 e5 3. Bg2 c6 4. d4 exd4 5. Qxd4 d5 6. Bg5 Be7 7. cxd5 cxd5 8. Nf3 Nc6 9. Qa4 Qb6 10. 0-0 Qxb2 11. Nbd2 Bf5 12. e4 dxe4 13. Rab1 Qa3 14. Qxa3 Bxa3 15. Nh4 Be6 16. Bxf6 gxf6 17. Nxe4 0-0-0 18. Nc3 Bc4 19. Bh3+ Kb8 20. Rfd1 Rxd1+ 21. Rxd1 Rd8 22. Rxd8+ Nxd8 23. Bf5 h6 24. Bb1 Ne6 25. Nf5 h5 26. h4 Bb2 27. Ne4 Nd4 28. Nd2 Ne2+ 29. Kh2 Be6 30. f3 Be5 31. f4 Nxf4 32. Nf3 Bxf5 33. Bxf5 Ng6 34. Kh3 Ne7 35. Bc2 Kc7 36. g4 Kd6 37. Bb3 Ng8 38. Bxf7 hxg4+ 0-1

[Event "ESP-ch Student"]
[Site "Cartagena"]
[Date "2007.05.09"]
[Round "6"]
[White "Ali, Ehsan"]
[Black "Gonzalez Somoza, Oliver"]
[Result "0-1"]
[WhiteElo "2223"]
[BlackElo "2309"]
[PlyCount "52"]
[EventDate "2007.05.06"]
[EventType "swiss"]
[EventRounds "9"]
[EventCountry "ESP"]
[SourceTitle "CBM 118 Extra"]
[Source "ChessBase"]
[SourceDate "2007.07.04"]
[SourceVersion "1"]
[SourceVersionDate "2007.07.04"]
[SourceQuality "1"]

1. e4 c5 2. Nf3 e6 3. d4 cxd4 4. Nxd4 Nc6 5. Nc3 a6 6. Be2 Qc7 7. 0-0 Nf6 8. Kh1 Bb4 9. Bf3 Ne5 10. Nce2 0-0 11. Bg5 Be7 12. Ng3 Nxf3 13. Qxf3 h6 14. Bd2 b5 15. e5 Bb7 16. Qe2 Nd5 17. f4 f6 18. Rae1 Qc4 19. Qxc4 bxc4 20. c3 fxe5 21. fxe5 Rxf1+ 22. Rxf1 Rb8 23. b3 Bg5 24. Bxg5 hxg5 25. Ne4 Nf4 26. Re1 Nd3 0-1

[Event "ESP-ch Student"]
[Site "Cartagena"]
[Date "2007.05.07"]
[Round "2"]
[White "Massanet Massanet, Sebastian"]
[Black "Gonzalez Somoza, Oliver"]
[Result "0-1"]
[WhiteElo "2140"]
[BlackElo "2309"]
[PlyCount "148"]
[EventDate "2007.05.06"]
[EventType "swiss"]
[EventRounds "9"]
[EventCountry "ESP"]
[SourceTitle "CBM 118 Extra"]
[Source "ChessBase"]
[SourceDate "2007.07.04"]
[SourceVersion "1"]
[SourceVersionDate "2007.07.04"]
[SourceQuality "1"]

1. d4 d5 2. Nf3 c6 3. g3 f5 4. Bg2 Nf6 5. 0-0 e6 6. c4 Bd6 7. b3 0-0 8. Ba3 Ne4 9. Bxd6 Nxd6 10. Qd3 Nd7 11. Nc3 b6 12. Nd2 Ba6 13. f3 dxc4 14. bxc4 e5 15. e4 c5 16. d5 f4 17. Bh3 fxg3 18. hxg3 Qe7 19. f4 Rad8 20. Rf3 g5 21. Bxd7 Rxd7 22. f5 g4 23. Rf2 Qg5 24. Raf1 Rdf7 25. Nb5 Bxb5 26. cxb5 h5 27. Rh2 Rh7 28. Rh4 Rf6 29. Kg2 Kf8 30. a4 Rc7 31. Rfh1 c4 32. Qc3 Rh7 33. Re1 Rc7 34. Re2 Rc8 35. Qxe5 c3 36. Nb3 c2 37. Rh1 Re8 38. Rxh5 Rxe5 39. Rxg5 Rxe4 40. Rxc2 Rxa4 41. Nc1 Nxf5 42. Rc8+ Ke7 43. Rc7+ Kd8 44. Rc3 Rb4 45. Kg1 Rxb5 46. Rxg4 Rxd5 47. Rgc4 Nd6 48. Rh4 Rf7 49. Nd3 Nb5 50. Rb3 Nd4 51. Rh8+ Ke7 52. Nf4 Nxb3 53. Nxd5+ Kd6 54. Nf4 a5 55. Rh6+ Kc5 56. Nd3+ Kb5 57. Rh5+ Ka6 58. Ne5 Rg7 59. Kf2 a4 60. Nd3 b5 61. Nb4+ Ka5 62. Nc6+ Kb6 63. Nb4 a3 64. Na2 Rc7 65. Ke3 Nc1 66. Rh2 Nxa2 67. Rxa2 b4 68. g4 Kb5 69. g5 Ka4 70. Rd2 b3 71. Rd4+ Kb5 72. Rd5+ Kc6 73. Rd3 b2 74. Rc3+ Kd7 0-1

[Event "Boadilla del Monte qual"]
[Site "Boadilla del Monte"]
[Date "2007.05.06"]
[Round "2.2"]
[White "Franco Alonso, Alejandro"]
[Black "Gonzalez Somoza, Oliver"]
[Result "1-0"]
[WhiteElo "2439"]
[BlackElo "2309"]
[PlyCount "78"]
[EventDate "2007.05.06"]
[EventType "k.o. (rapid)"]
[EventRounds "3"]
[EventCountry "ESP"]
[SourceTitle "EXT 2009"]
[Source "ChessBase"]
[SourceDate "2008.11.26"]
[SourceVersion "1"]
[SourceVersionDate "2008.11.26"]
[SourceQuality "1"]

1. Nf3 d5 2. d4 Nf6 3. c4 dxc4 4. e3 c5 5. Bxc4 cxd4 6. Qxd4 Bd7 7. Ne5 e6 8. Nc3 Nc6 9. Nxc6 Bxc6 10. Qxd8+ Rxd8 11. f3 a6 12. Bd2 Bc5 13. Rd1 0-0 14. Bb3 b5 15. a3 Rd7 16. Bc1 Rfd8 17. Ke2 b4 18. axb4 Bxb4 19. Rxd7 Rxd7 20. Rd1 Kf8 21. Rxd7 Nxd7 22. Ba4 Bxa4 23. Nxa4 Ke7 24. b3 Kd6 25. Bb2 g6 26. Kd3 Be1 27. e4 f5 28. Bd4 h5 29. h3 Ne5+ 30. Bxe5+ Kxe5 31. Nc5 a5 32. Ke3 fxe4 33. fxe4 Bc3 34. Nd3+ Kf6 35. g3 g5 36. g4 hxg4 37. hxg4 Be5 38. Kd2 Bd4 39. Kc2 Ke7 1-0

[Event "Boadilla del Monte qual"]
[Site "Boadilla del Monte"]
[Date "2007.05.06"]
[Round "3.2"]
[White "Gonzalez Somoza, Oliver"]
[Black "Franco Alonso, Alejandro"]
[Result "0-1"]
[WhiteElo "2309"]
[BlackElo "2439"]
[PlyCount "88"]
[EventDate "2007.05.06"]
[EventType "k.o. (rapid)"]
[EventRounds "3"]
[EventCountry "ESP"]
[SourceTitle "EXT 2009"]
[Source "ChessBase"]
[SourceDate "2008.11.26"]
[SourceVersion "1"]
[SourceVersionDate "2008.11.26"]
[SourceQuality "1"]

1. d4 Nf6 2. Nf3 e6 3. c4 b6 4. g3 Ba6 5. Qb3 Bb7 6. Nc3 Be7 7. Bg2 0-0 8. 0-0 Nc6 9. d5 Na5 10. Qc2 Nxc4 11. dxe6 fxe6 12. Nb5 Nd6 13. Nc3 Nd5 14. Nxd5 Bxd5 15. Bf4 Bf6 16. Rac1 Rc8 17. Rfd1 Qe7 18. Bxd6 cxd6 19. Qxc8 Rxc8 20. Rxc8+ Kf7 21. b3 Be4 22. Ng5+ Bxg5 23. Bxe4 g6 24. Rc7 d5 25. Rxa7 Qc5 26. Bd3 Ke7 27. a4 b5 28. Ra5 Bf6 29. Rxb5 Qa7 30. e3 Bg5 31. e4 Be3 32. exd5 Bxf2+ 33. Kg2 e5 34. d6+ Kxd6 35. Bf5+ Bd4 36. Be4 Qc7 37. a5 Qc3 38. Bd3 Qc6+ 39. Kh3 Qf3 40. Rd2 g5 41. Be2 Qf5+ 42. Bg4 Qf1+ 43. Rg2 Qxb5 44. Bf5 h5 0-1